Introduction to relativity: In-Depth and accessible (Record no. 1237957)
[ view plain ]
| 000 -LEADER | |
|---|---|
| fixed length control field | 00949nam a2200301Ia 4500 |
| 005 - DATE AND TIME OF LATEST TRANSACTION | |
| control field | 20250117103637.0 |
| 008 - FIXED-LENGTH DATA ELEMENTS--GENERAL INFORMATION | |
| fixed length control field | 008 250103s9999 xx 000 0 eng d |
| 020 ## - INTERNATIONAL STANDARD BOOK NUMBER | |
| International Standard Book Number | 9781032056746 |
| 037 ## - SOURCE OF ACQUISITION | |
| Stock number | Textual |
| 040 ## - CATALOGING SOURCE | |
| Original cataloging agency | CSL |
| Language of cataloging | eng |
| Transcribing agency | CSL |
| 041 ## - LANGUAGE CODE | |
| Language code of text/sound track or separate title | eng |
| Source of code | eng |
| 084 ## - COLON CLASSIFICATION NUMBER | |
| Classification number | CN R3 |
| Assigning agency | CSL |
| 100 ## - MAIN ENTRY--PERSONAL NAME | |
| Personal name | Bruma, Paul |
| 9 (RLIN) | 732082 |
| 245 #0 - TITLE STATEMENT | |
| Title | Introduction to relativity: In-Depth and accessible |
| Statement of responsibility, etc. | Bruma, Paul |
| 260 ## - PUBLICATION, DISTRIBUTION, ETC. | |
| Place of publication, distribution, etc. | Boca raton |
| Name of publisher, distributor, etc. | CRC Press/T&F New york |
| Date of publication, distribution, etc. | 2023 |
| 300 ## - PHYSICAL DESCRIPTION | |
| Extent | xvi,275p. ill. |
| 650 ## - SUBJECT ADDED ENTRY--TOPICAL TERM | |
| Topical term or geographic name entry element | Complement to the principles of relativity |
| 9 (RLIN) | 734446 |
| 650 ## - SUBJECT ADDED ENTRY--TOPICAL TERM | |
| Topical term or geographic name entry element | Complements and case studies |
| 9 (RLIN) | 734447 |
| 650 ## - SUBJECT ADDED ENTRY--TOPICAL TERM | |
| Topical term or geographic name entry element | General case |
| 9 (RLIN) | 734448 |
| 650 ## - SUBJECT ADDED ENTRY--TOPICAL TERM | |
| Topical term or geographic name entry element | Methodological considerations |
| 9 (RLIN) | 734449 |
| 650 ## - SUBJECT ADDED ENTRY--TOPICAL TERM | |
| Topical term or geographic name entry element | Nuclear reactions |
| 9 (RLIN) | 714332 |
| 650 ## - SUBJECT ADDED ENTRY--TOPICAL TERM | |
| Topical term or geographic name entry element | Stellar aberrations |
| 9 (RLIN) | 734450 |
| 650 ## - SUBJECT ADDED ENTRY--TOPICAL TERM | |
| Topical term or geographic name entry element | Supplements |
| 650 ## - SUBJECT ADDED ENTRY--TOPICAL TERM | |
| Topical term or geographic name entry element | Tensors |
| 9 (RLIN) | 713694 |
| 650 ## - SUBJECT ADDED ENTRY--TOPICAL TERM | |
| Topical term or geographic name entry element | Physics |
| 942 ## - ADDED ENTRY ELEMENTS (KOHA) | |
| Koha item type | Textual |
| Classification part | CN R3 |
| Withdrawn status | Lost status | Damaged status | Not for loan | Home library | Current library | Date acquired | Source of acquisition | Inventory number | Total Checkouts | Full call number | Barcode | Date last seen | Price effective from | Koha item type |
|---|---|---|---|---|---|---|---|---|---|---|---|---|---|---|
| Central Science Library | Central Science Library | 2025-01-17 | Metro Books Pvt. Ltd. | 522, 09/02/2024 | CN R3 | SL1655907 | 2025-01-17 | 2025-01-17 | Textual |
